000 00911cam a22002771 4500
001 sa 65009451
003 DLC
005 20260227112202.0
008 861120s1965 ii b 000 0 eng
010 _asa 65009451
025 _aPL480:I-E-4634
035 _a(OCoLC)14781475
040 _aDLC
_cWaU
_dWaU
_dDLC
042 _apremarc
043 _ae-ur---
050 0 0 _aHC335
_b.C5122 1965
100 1 _aChakrabarti, Sudhindra Chandra.
245 1 0 _aEconomic development of the Soviet Union,
_cby Sudhindra Chandra Chakrabarti, Kunja Bihari Kundu [and] Madan Mohan Patra.
250 _a[2d ed. thoroughly rev.]
260 _aCalcutta,
_bNababharat Publishers
_c[1965]
300 _axi, 151, [1] p.
_c23 cm.
504 _aBibliography: p. [152]
651 0 _aSoviet Union
_xEconomic policy
_y1917-1928.
700 1 _aKundu, Kunja Bihari,
_ejoint author.
700 1 _aPatra, Madan Mohan,
_ejoint author.
999 _c66225
_d66225